00309nam a2200109Ia 4500008004100000020001800041040002900059050002200088100001400110245004200124260003300166230104s9999||||xx |||||||||||||| ||und|| a0 85236 011 8 cChuka University Library aSF 205 bT82 1972 aVet, T.V. 0a Calving the cow and care of the calf aFarming PressbIpswichc1972